000 00277nam a2200097Ia 4500
082 _a248.4 COM
245 0 _aSeisoene van genade
100 _a Burger, C. W. Wellington [South Africa], 2005 1ste uitg
_960015
942 _cBK
008 210817s9999 xx 000 0 und d
999 _c188756
_d188755